| 000 | 00672nam a2200217 a 4500 | ||
|---|---|---|---|
| 005 | 20221125063740.0 | ||
| 008 | 040302s2002 mx r 000 0 spa d | ||
| 020 | _a9586483061 | ||
| 035 | _aUPN01000132352 | ||
| 049 | _aCG | ||
| 050 | 4 |
_aHF5681 B2 _bG3.4 |
|
| 100 | 1 | _aGarcía R., Javier E. | |
| 245 | 1 | 0 |
_aEstados financieros : _bconsolidación y método de participación / _cJavier E. García R. |
| 260 |
_aBogotá : _bECOE, _c2002. |
||
| 300 |
_a190 p. : _bcuadros |
||
| 440 | 0 |
_aTextos universitarios. _pContabilidad, administración, auditoría |
|
| 650 | 4 |
_aESTADOS FINANCIEROS _98731 |
|
| 650 | 4 | _aFINANZAS | |
| 650 | 2 |
_aContabilidad _98728 |
|
| 905 | _aLibro | ||
| 999 |
_c104507 _d104507 |
||